000 00817nam a2200325Ia 4500
005 20260514124332.0
008 008 261405s9999 xx 000 0 eng d
037 _aThesis
040 _aCRL
040 _beng
040 _cCRL
041 _2eng
041 _aeng
084 _qCRL
100 _aGawande Dr.Atul
_91239396
245 0 _aTo Evaluate the Usefulness of Office Vagino Hysteroscopy in Gynaecological Disorders.
260 _aDelhi
260 _bUniversity of Delhi
260 _c2016
300 _a75p.
502 _bPh.D.
502 _cUniversity of Delhi
502 _d2016
541 _oThesis
650 _aObstetrics & Gynecology
700 _aBrig Krishan Kapur
_91239397
710 _aObstetrics & Gynecology
_91239374
942 _cTH
999 _c1851682
_d1851682